000 00562nam a2200169Ia 4500
003 GCL
008 140319s9999 xx 000 0 ara d
040 _aGCL /
_cGCL
082 0 4 _a940.2
_bش ت
100 1 _aشوقى عطاالله الجمل
245 1 0 _aتاريخ اوربا الحديث والمعاصر /
_cشوقى عطاالله الجمل
700 1 _aعبدالله عبدالرازق ابراهيم
490 _aكتاب
_v0
650 0 4 _aاوربا - تاريخ
650 0 4 _aاوربا - تاريخ - العصر الحديث
942 _2ddc
_cBK
999 _c42149
_d42149